Statystyki dla Państwa odwiedzone przez wikingów z mapą

Kliknij tutaj aby rozwiązać quiz!

Ogólne statystyki

  • Ten quiz został rozwiązany 146 razy
    (144 od ostatniego zresetowania)
  • Średni wynik to 28 z 30

Odpowiedzi na mapie

Odpowiedzi skodowane kolorowo w zielono-czerwonej skali na mapie do tego quizu, zgodnie z poniższymi procentami.
 

Statystyki odpowiedzi

Państwa% Poprawnych
Dania
98%
Kanada
98%
Polska
98%
Rosja
98%
Szwecja
98%
Finlandia
97%
Francja
97%
Litwa
97%
Łotwa
97%
Niemcy
97%
Norwegia
97%
Hiszpania
96%
Islandia
96%
Wielka Brytania
96%
Ukraina
95%
Włochy
95%
Belgia
94%
Białoruś
94%
Estonia
94%
Holandia
94%
Irlandia
94%
Portugalia
94%
Turcja
93%
Rumunia
91%
Bułgaria
86%
Maroko
84%
Algieria
83%
Tunezja
79%
Iran
78%
Azerbejdżan
66%

Rozkład punktacji

Percentyl według liczby udzielonych odpowiedzi

Procent ludzi z każdym wynikiem

Twoja historia wyników

Nie rozwiązałeś tego quizu od ostatniego zresetowania